000 00380nam a22001457a 4500
005 20171006153337.0
008 171006b xxu||||| |||| 00| 0 eng d
040 _cPK-LaUMT
082 _aRHC 891.4395
_bNAZ-M
100 _aNazir Anbalvi
245 _aMuntakhib taqreerain/
_cNazir Anbalvi
260 _aلاہور:
_bمشتاق احمد،
_c1996
300 _a330 ص
942 _cBK
999 _c98889
_d98889